000 00710nas a2200229 4500
001 BR9507458
003 BR-BrBNA
005 20231205095438.0
007 ta
008 230509b bl.|||p| |||| 00| 00por d
040 _aBR-BrBNA
_bpor
_cBiblioteca Nacional de Agricultura
041 _a(Pt)
072 _aL70
100 1 _aBernis, W.O.
100 1 _aChiquiloff, M.A.G.
245 1 _aO volume total de sangue de caes por meio de sangria escalonada
650 _aCao
650 _aCirurgia
773 0 _tArquivos da Escola de Veterinaria da Universidade Rural do Estado de Minas Gerais (Brasil)
_x
_g1962, v. 14 p. 219-241
_wBR9507458
909 _a202311
_bLúcia
_c55
_dLúcia Elande
942 _2AGRIS
_n0
_cANA
999 _c150721
_d150721